00604nam a2200169 i 450000100060000000300090000600500170001500700030003200800410003510000270007624500960010326000540019930000220025385200220027599900170029795201200031472465ES-MaACL20230906171438.0t|040901s1923 fr ||||1| fre d1 aGiroux, René.95731213aLe Bruit de Galop b: valeur séméiologique diagnostic / ctraitement par René Giroux. aParís : b[s.n., c1923] (fA. Maloine et Fils) a273 p. ; c25 cm. aES-MaACLjB-11339 c72465d72465 00104070aATENEOMbATENEOMcSPBd2008-01-17eSCl0oB-11339p1075864r2023-02-23 00:00:00w2023-02-23yMONOGRAFIA